Statistics for iCarly Characters Quiz

Click here to take the quiz!

General Stats

  • This quiz has been taken 3,217 times
    (3,191 since last reset)
  • The average score is 8 of 10

Answer Stats

HintAnswer% Correct
She's the main characterCarly
100%
She's the main character's best friend.Sam
99%
He's the iCarly camera man.Freddie
98%
He's the main character's older brother. He's also an artist.Spencer
96%
He's the weirdest character. He loves taking off his shirt and saying _ _ _ _ _Gibby
94%
He is always trying to take over iCarly.Nevel
67%
She's the iCaly camera man's mother, and she's a little obsessed with germs.Mrs. Benson
66%
He's the manager of the groovy smoothie.T-Bo
66%
He's the door man in the apartment building the main character lives in.Lewbert
57%
He's the main character's brother's arch nemesis.Chuck
43%

Score Distribution

Percentile by Number Answered

Percent of People with Each Score

Your Score History

You have not taken this quiz since the last reset